000 00597nam a22001697a 4500
999 _c356117
_d356117
003 NUST
005 20180123150659.0
008 180123b xxu||||| |||| 00| 0 eng d
040 _c0
082 _a09 MAN
245 _aModel 42 Chemiluminescence No-NO2-NOx Analyzer Instruction Manual
260 _aFranklin MA
_bThermo Environmental Instruments
_c1975
300 _aVarious pages
500 _aPhotocopy
942 _2ddc
_cBK
_kIESE